Laufey Complete Discography - Statistics

General Stats
  • This quiz has been taken 481 times
  • The average score is 43 of 71
Answer Stats
# title % Correct
2. Lover Girl
94%
14. Bewitched
89%
18. Goddess
88%
10. From The Start
83%
1. Clockwork
79%
3. Snow White
79%
15. Bored
78%
(2023, beabadoobee) A Night To Remember
77%
10. Falling Behind
77%
14. Sabotage
77%
6. Silver Lining
77%
10. Tough Luck
77%
2. Magnolia
76%
9. Everything I Know About Love
75%
3. Valentine
75%
4. Castle in Hollywood
74%
9. Promise
74%
1. Santa Baby
73%
8. (Interlude) Cuckoo Ballet
72%
1. Dreamer
72%
5. James
72%
13. Letter To My 13 Year Old Self
72%
7. Too Little, Too Late
72%
5. Carousel
71%
1. Street by Street
71%
4. Above The Chinese Restaurant
70%
1. Fragile
70%
(2021, Philharmonia Orch.) Let You Break My Heart Again
70%
7. (Philharmonia Orch.) California and Me
69%
12. Mr. Eclectic
69%
6. Lovesick
68%
8. (Interlude) Nocturne
66%
13. Clean Air
64%
9. Forget-Me-Not
64%
11. Misty
64%
12. Serendipity
62%
7. Best Friend
61%
3. Like the Movies
61%
5. While You Were Sleeping
61%
3. Haunted
60%
2. Second Best
59%
13. Night Light
57%
15. (Bonus Track) Seems Like Old Times
57%
11. A Cautionary Tale
56%
2. Beautiful Stranger
56%
11. Hi
56%
8. Just Like Chet
56%
2. Winter Wonderland
55%
16. Trouble
54%
4. I Wish You Love
53%
17. It Could Happen To You
52%
4. Must Be Love
51%
6. Someone New
51%
5. Dear Soulmate
49%
(2023, d4vd) This Is How It Feels
49%
16. Questions For The Universe
48%
5. (dodie) Love to Keep Me Warm
47%
14. Slow Down
45%
12. Dance With You Tonight
44%
6. What Love Will Do to You
44%
7. I've Never Been In Love Before
41%
15. Lucky For Me
41%
(2024) Where or When
40%
4. The Christmas Waltz
38%
3. Christmas Dreaming
37%
(2023, Stephen Sanchez) No One Knows
37%
(2022, Alexander 23) Ain't Christmas
36%
(2021, Adam Melchor) Love Flew Away
36%
(2025, ROLE MODEL) The Longest Goodbye
36%
2. (Norah Jones) Better Than Snow
28%
1. (Norah Jones) Have Yourself A Merry Little Christmas
28%
No matching quizzes found
Score Distribution
Percent of People with Each Score
Percentile by Number Answered
Your Score History
You have not taken this quiz